[Event "OHS 2015"]
[Site "?"]
[Date "2015.02.02"]
[Round "2.12"]
[White "Schmidt, Ralph"]
[Black "Hahn, Matthias"]
[Result "0-1"]
[WhiteElo "1985"]
[BlackElo "2044"]
[PlyCount "71"]

1. e4 e6 2. Nc3 d5 3. exd5 exd5 4. Qf3 Nf6 5. d4 Nc6 6. Bb5 Bg4 7. Qg3 Bd6 8.
Qh4 O-O 9. Bxc6 bxc6 10. Nce2 Re8 11. Be3 Rb8 12. O-O-O Re4 13. Nc3 Bxd1 14.
Nxe4 dxe4 15. Kxd1 Rxb2 16. Ne2 c5 17. Bc1 Rxa2 18. Nc3 Ra1 19. Nxe4 Bf4 20.
Qxf4 Qxd4+ 21. Ke2 Qxe4+ 22. Qxe4 Nxe4 23. Re1 f5 24. f3 Nd6 25. Kd2 Kf7 26.
Kd1 Nc4 27. c3 Ra2 28. Rg1 a5 29. h4 a4 30. g4 a3 31. gxf5 Rh2 32. Bxa3 Nxa3
33. Rg4 Rc2 34. Ra4 Rxc3 35. Ra7 Nb5 36. Rb7 0-1

[Event "OHS 2015"]
[Site "?"]
[Date "2015.02.02"]
[Round "2.13"]
[White "Sikorski, Thomas"]
[Black "Lojack, Rouven"]
[Result "1-0"]
[WhiteElo "1791"]
[BlackElo "1430"]
[PlyCount "41"]

1. c4 Nf6 2. Nf3 e6 3. Nc3 c5 4. d4 cxd4 5. Nxd4 Bb4 6. Bd2 O-O 7. e3 b6 8. Be2
Nc6 9. Bf3 Bb7 10. O-O Rb8 11. a3 Bxc3 12. Bxc3 Nxd4 13. exd4 d5 14. c5 bxc5
15. dxc5 Ne4 16. Bxe4 dxe4 17. Qg4 g6 18. Rfd1 Qc7 19. Qg5 f5 20. Rd6 Bd5 21.
Be5 1-0

[Event "OHS 2015"]
[Site "?"]
[Date "2015.02.02"]
[Round "2.14"]
[White "Kempken, Reinhold"]
[Black "Müller-Kreth, Kai"]
[Result "1-0"]
[WhiteElo "1500"]
[BlackElo "1758"]
[PlyCount "31"]

1. e4 e5 2. d4 exd4 3. c3 dxc3 4. Bc4 Nc6 5. Nf3 h6 6. O-O d6 7. Qb3 Qe7 8.
Nxc3 Nf6 9. Bf4 g5 10. e5 dxe5 11. Bxe5 Nxe5 12. Nxe5 Bg7 13. Bxf7+ Kd8 14.
Rad1+ Nd7 15. Nxd7 Bxd7 16. Be6 1-0

[Event "OHS 2015"]
[Site "?"]
[Date "2015.02.02"]
[Round "2.15"]
[White "Wingerning, Gerd"]
[Black "Mrowetz, Josef"]
[Result "1-0"]
[WhiteElo "1744"]
[BlackElo "1364"]
[PlyCount "55"]

1. e4 a6 2. d4 b5 3. Bf4 Bb7 4. Nd2 e6 5. Bd3 Ne7 6. Ngf3 Ng6 7. Bg3 Be7 8. c3
O-O 9. h4 c5 10. h5 Nh8 11. Rc1 d6 12. Nf1 Nd7 13. e5 dxe5 14. dxe5 f6 15. Qe2
f5 16. Rd1 c4 17. Bc2 Bd5 18. Nd4 f4 19. Bh2 Bxg2 20. Nxe6 Qb6 21. Nxf8 Nxf8
22. Rg1 f3 23. Qe4 Bc5 24. Ne3 Nf7 25. Qxa8 Bxe3 26. Bg3 Nxe5 27. Qe4 Nf7 28.
Qxe3 1-0

[Event "OHS 2015"]
[Site "?"]
[Date "2015.02.02"]
[Round "2.16"]
[White "Burosch, Raimund"]
[Black "Demond, Ricardo"]
[Result "0-1"]
[WhiteElo "1424"]
[BlackElo "1739"]
[PlyCount "94"]

1. e4 d5 2. exd5 Qxd5 3. Nc3 Qa5 4. Nf3 Nf6 5. d4 Bg4 6. Be2 c6 7. O-O e6 8. a3
Bd6 9. Be3 O-O 10. b4 Qc7 11. g3 a6 12. Ng5 Bxe2 13. Nxe2 h6 14. Nf3 a5 15. Bf4
b5 16. c3 Nbd7 17. Qd3 Rfd8 18. Kg2 e5 19. dxe5 Nxe5 20. Nxe5 Bxe5 21. Bxe5
Qxe5 22. Qf3 Qd5 23. Qxd5 Nxd5 24. Rad1 axb4 25. axb4 Ra2 26. Kf3 Rxe2 27. Rxd5
Rxf2+ 28. Rxf2 Rxd5 29. Ke4 Kf8 30. Ra2 Ke7 31. Ra6 f5+ 32. Ke3 Rd6 33. Kf4 Kf6
34. h4 g5+ 35. hxg5+ hxg5+ 36. Ke3 Ke5 37. Ra8 f4+ 38. gxf4+ gxf4+ 39. Ke2 f3+
40. Ke3 Rf6 41. Re8+ Kd5 42. Kf2 Kc4 43. Re3 Kb3 44. Kf1 Rf4 45. Re6 Rc4 46.
Re1 Rxc3 47. Rb1+ Kc2 0-1

[Event "OHS 2015"]
[Site "?"]
[Date "2015.02.02"]
[Round "2.17"]
[White "Nagel, Frank"]
[Black "Diekhans, Georg"]
[Result "1-0"]
[WhiteElo "1738"]
[BlackElo "1310"]
[PlyCount "34"]

1. d4 e6 2. c4 c6 3. e4 h6 4. Nc3 Ne7 5. Bd3 a6 6. Nge2 b5 7. b3 Bb7 8. O-O Ng6
9. f4 Ne7 10. Ng3 g6 11. f5 g5 12. Nh5 Ng8 13. fxe6 dxe6 14. Be3 Nd7 15. e5 Qe7
16. Ne4 O-O-O 17. Nd6+ Kb8 1-0

[Event "OHS 2015"]
[Site "?"]
[Date "2015.02.02"]
[Round "2.18"]
[White "Kümmel, Hans-Jürgen"]
[Black "Deutschmann, Jürgen"]
[Result "1/2-1/2"]
[WhiteElo "1317"]
[BlackElo "1681"]
[PlyCount "132"]

1. Nf3 d5 2. d4 Nf6 3. c4 e6 4. Nc3 Bb4 5. Bg5 h6 6. Bxf6 gxf6 7. e3 c5 8. dxc5
Qa5 9. Qc2 Bxc3+ 10. bxc3 dxc4 11. Bxc4 Qxc5 12. Be2 Bd7 13. Rd1 Nc6 14. O-O
O-O-O 15. Rd2 Nb4 16. cxb4 Qxc2 17. Rxc2+ Kb8 18. Rfc1 Ba4 19. Rc7 Rd7 20. Rxd7
Bxd7 21. b5 e5 22. a4 h5 23. Nd2 h4 24. Ne4 b6 25. Nxf6 Be6 26. Ng4 Rg8 27. h3
e4 28. f3 f5 29. Nf2 Rg3 30. Kf1 Bd5 31. Nd1 exf3 32. Bxf3 Bxf3 33. gxf3 Rxh3
34. Kg2 Rg3+ 35. Kf2 Rg6 36. Nc3 h3 37. Rh1 Rg2+ 38. Kf1 Rc2 39. Ne2 Ra2 40.
Rxh3 Rxa4 41. Nd4 f4 42. Rh4 Ra1+ 43. Ke2 Ra2+ 44. Kd3 Ra3+ 45. Ke4 fxe3 46.
Kd5 Kc7 47. Rh7+ Kd8 48. Kd6 Ke8 49. Re7+ Kf8 50. f4 Rd3 51. Re4 e2 52. Ke5 Rc3
53. Rxe2 Rc5+ 54. Kd6 Kf7 55. Re7+ Kf6 56. Rxa7 Rc1 57. Ra6 Rd1 58. Kd5 Kf7 59.
Rxb6 Rd2 60. Rc6 Ke7 61. Rc7+ Kd8 62. b6 Rd1 63. f5 Rb1 64. Kc6 Ke8 65. Ne6
Rxb6+ 66. Kc5 Rb5+ 1/2-1/2

[Event "OHS 2015"]
[Site "?"]
[Date "2015.02.02"]
[Round "2.19"]
[White "Rochol, Jürgen"]
[Black "Hartmann, Thomas"]
[Result "0-1"]
[WhiteElo "1287"]
[BlackElo "1633"]
[PlyCount "70"]
[SourceDate "2015.02.04"]

1. e4 c5 2. Nf3 Nc6 3. d4 cxd4 4. Nxd4 e5 5. Nb3 Qf6 6. Be3 Qg6 7. N1d2 d5 8.
f3 Nf6 9. Bc5 Bxc5 10. Nxc5 O-O 11. c3 b6 12. exd5 Nxd5 13. Nce4 Ne3 14. Qa4
Nxg2+ 15. Kf2 Nf4 16. Rg1 Qh6 17. Ng5 Qh4+ 18. Rg3 Nh3+ 19. Nxh3 Qxa4 20. Bd3
Bxh3 21. Rxg7+ Kxg7 22. Ne4 Qxe4 23. Bxe4 Rac8 24. Rg1+ Kf6 25. Bxh7 Bf5 26.
Bxf5 Kxf5 27. Ke3 Rg8 28. Rh1 Rcd8 29. h4 f6 30. h5 b5 31. b3 Ne7 32. Rh4 a5
33. Re4 Nd5+ 34. Kf2 Nxc3 35. Rh4 Nxa2 0-1

[Event "OHS 2015"]
[Site "?"]
[Date "2015.02.02"]
[Round "2.20"]
[White "Heinz, Hans-Werner"]
[Black "Diekhans, Christoph"]
[Result "1-0"]
[WhiteElo "1159"]
[BlackElo "1591"]
[PlyCount "50"]

1. d4 e6 2. Nf3 b6 3. e3 Bb7 4. a3 Nf6 5. Nc3 Be7 6. Bd3 O-O 7. O-O d5 8. h3 c5
9. Ne2 c4 10. Bxh7+ Nxh7 11. Nf4 Nd7 12. c3 Ng5 13. Nxg5 Bxg5 14. Qg4 Bxf4 15.
exf4 Nf6 16. Qf3 Qd7 17. Re1 b5 18. Re5 a5 19. f5 Rfe8 20. Bg5 Nh7 21. f6 g6
22. Bh6 Qd8 23. Bg7 Qd6 24. Qf4 b4 25. Qh6 bxc3 1-0

[Event "OHS 2015"]
[Site "?"]
[Date "2015.02.02"]
[Round "2.21"]
[White "Krolik, Wilfried"]
[Black "Puchalla, Paul"]
[Result "1-0"]
[WhiteElo "1552"]
[BlackElo "1210"]
[PlyCount "77"]

1. d4 d5 2. Nf3 Nc6 3. c4 dxc4 4. Nc3 Bg4 5. e3 e6 6. Bxc4 Bb4 7. O-O Nf6 8. a3
Bd6 9. Be2 O-O 10. e4 Bxf3 11. Bxf3 Nxd4 12. Re1 e5 13. Bg5 h6 14. Bh4 g5 15.
Bg3 c6 16. Rc1 Qd7 17. h3 Kg7 18. Re3 c5 19. Be2 a6 20. Na4 Nxe2+ 21. Rxe2 Qc6
22. f3 b5 23. Nc3 Nh5 24. Bf2 Rad8 25. Rd2 Bc7 26. Nd5 c4 27. b3 Rd7 28. bxc4
bxc4 29. Rdc2 Qa4 30. Rxc4 Qxd1+ 31. Rxd1 Rfd8 32. Rb1 Nf6 33. Nxc7 Rc8 34.
Ne6+ fxe6 35. Rxc8 Rd3 36. Rb7+ Kg6 37. Rcc7 Rxa3 38. Rg7+ Kh5 39. g4+ 1-0

[Event "OHS 2015"]
[Site "?"]
[Date "2015.02.09"]
[Round "3.1"]
[White "Ribbeheger, Edgar"]
[Black "Graw, Christopher"]
[Result "1/2-1/2"]
[WhiteElo "1998"]
[BlackElo "2218"]
[PlyCount "105"]

1. d4 Nf6 2. Nc3 d5 3. f3 c5 4. e3 Nc6 5. Bb5 e6 6. f4 Bd7 7. Nf3 Rc8 8. O-O
Be7 9. Ne5 cxd4 10. Bxc6 dxc3 11. Nxd7 bxc6 12. Nxf6+ Bxf6 13. bxc3 O-O 14. Ba3
Re8 15. Rb1 Bxc3 16. Rb3 Bf6 17. Qd3 Qa5 18. Bb4 Qa4 19. Bc5 Qa5 20. Bb4 Qc7
21. Bc5 Rb8 22. Qa6 Rxb3 23. axb3 Be7 24. Qxa7 Qxa7 25. Bxa7 Ra8 26. Bd4 Bf6
27. Rd1 Ra2 28. Rd2 h5 29. Kf2 Kh7 30. g3 Kg6 31. Kf3 Bxd4 32. exd4 Kf5 33. h3
g5 34. g4+ hxg4+ 35. hxg4+ Kf6 36. Rh2 Kg6 37. fxg5 Kxg5 38. Rh5+ Kg6 39. Rh2
Ra1 40. Re2 Rd1 41. c3 Rb1 42. b4 Rf1+ 43. Kg3 Rd1 44. Re3 Kf6 45. Kf3 Rd2 46.
Kg3 Kg5 47. Kf3 f5 48. Rxe6 Rd3+ 49. Ke2 Rxc3 50. gxf5 Kxf5 51. Re5+ Kf4 52. b5
cxb5 53. Rxd5 1/2-1/2

[Event "OHS 2015"]
[Site "?"]
[Date "2015.02.09"]
[Round "3.2"]
[White "Quast, Marcel"]
[Black "Melmer, Felix"]
[Result "1-0"]
[WhiteElo "2201"]
[BlackElo "2001"]
[PlyCount "69"]

1. e4 c5 2. c3 d5 3. exd5 Qxd5 4. d4 Nf6 5. Nf3 e6 6. Bb5+ Bd7 7. Qe2 Bxb5 8.
Qxb5+ Qc6 9. a4 a6 10. Qxc6+ Nxc6 11. Be3 cxd4 12. Bxd4 Be7 13. Nbd2 O-O 14.
Bxf6 Bxf6 15. Ne4 Be7 16. O-O-O Rfd8 17. Kc2 Kf8 18. b4 Rdc8 19. Kb3 Rc7 20.
Rhe1 h6 21. Re3 b5 22. a5 Rd8 23. Rxd8+ Nxd8 24. Ne5 Nc6 25. Nd3 f5 26. Nec5
Nxa5+ 27. bxa5 Bxc5 28. Nxc5 Rxc5 29. Rxe6 Rc4 30. Rxa6 Ra4 31. Ra8+ Ke7 32. a6
Kd7 33. c4 Rxc4 34. a7 Ra4 35. Rg8 1-0

[Event "OHS 2015"]
[Site "?"]
[Date "2015.02.09"]
[Round "3.3"]
[White "Sondermann, Dirk"]
[Black "Wiese, Thomas"]
[Result "1/2-1/2"]
[WhiteElo "2080"]
[BlackElo "1877"]
[PlyCount "42"]

1. d4 Nf6 2. Nf3 e6 3. c4 d5 4. Nc3 c5 5. cxd5 Nxd5 6. e4 Nxc3 7. bxc3 cxd4 8.
cxd4 Bb4+ 9. Bd2 Qa5 10. Bc4 Bxd2+ 11. Qxd2 Qxd2+ 12. Kxd2 O-O 13. Rac1 Nd7 14.
Rhd1 Nf6 15. e5 Nd7 16. Ke1 Nb6 17. Bd3 Bd7 18. Be4 Ba4 19. Rd3 Bb5 20. Rdc3
Ba6 21. Rc7 Rab8 1/2-1/2

[Event "OHS 2015"]
[Site "?"]
[Date "2015.02.09"]
[Round "3.4"]
[White "Kiese, Matthias, Prof. Dr."]
[Black "Schumann, Burkhard"]
[Result "1-0"]
[WhiteElo "2223"]
[BlackElo "1627"]
[PlyCount "61"]

1. d4 f5 2. g3 d5 3. Bg2 e6 4. Nf3 Nf6 5. O-O Bd6 6. c4 c6 7. b3 O-O 8. Ba3
Bxa3 9. Nxa3 Qd6 10. Qc1 Nbd7 11. Qb2 Re8 12. Rfd1 Qe7 13. Nc2 a5 14. Nce1 Ne4
15. Nd3 Nd6 16. Rac1 Nf7 17. e3 Qf6 18. a3 g5 19. b4 g4 20. Nfe5 Nfxe5 21. dxe5
Qf7 22. b5 Nb6 23. cxd5 cxd5 24. Qd4 Nc4 25. a4 b6 26. Rxc4 dxc4 27. Bxa8 cxd3
28. Bc6 Rf8 29. Qxb6 f4 30. exf4 Qf5 31. Qd4 1-0

[Event "OHS 2015"]
[Site "?"]
[Date "2015.02.09"]
[Round "3.5"]
[White "Boost, Jürgen"]
[Black "Korte, Markus"]
[Result "1/2-1/2"]
[WhiteElo "1849"]
[BlackElo "2163"]
[PlyCount "47"]

1. e4 c5 2. Nf3 Nc6 3. d4 cxd4 4. Nxd4 Nf6 5. Nc3 e6 6. Ndb5 Bb4 7. a3 Bxc3+ 8.
Nxc3 d5 9. exd5 exd5 10. Be2 d4 11. Na2 O-O 12. O-O Qb6 13. b4 Be6 14. Bb2 Rfd8
15. Nc1 Rac8 16. Nd3 Bf5 17. Rc1 a5 18. Qd2 Ne4 19. Qf4 Rd5 20. h4 Nf6 21. Bf3
Bxd3 22. cxd3 Rdd8 23. Rc4 axb4 24. axb4 1/2-1/2

[Event "OHS 2015"]
[Site "?"]
[Date "2015.02.09"]
[Round "3.6"]
[White "Funke, Eckhard"]
[Black "Winterkamp, Sascha"]
[Result "1/2-1/2"]
[WhiteElo "1939"]
[BlackElo "2015"]
[PlyCount "45"]

1. d4 d5 2. c4 c6 3. Nc3 e6 4. Nf3 Nf6 5. cxd5 exd5 6. Bg5 Nbd7 7. e3 Qa5 8.
Qb3 Ne4 9. Bh4 Bb4 10. Rc1 Nb6 11. a3 Bxc3+ 12. bxc3 O-O 13. Qb4 Qxb4 14. cxb4
f6 15. Nd2 Be6 16. f3 Nd6 17. Bg3 Ndc4 18. Nxc4 Nxc4 19. Bxc4 dxc4 20. Kd2 f5
21. Be5 Rf7 22. Kc3 b5 23. Bd6 1/2-1/2

[Event "OHS 2015"]
[Site "?"]
[Date "2015.02.09"]
[Round "3.7"]
[White "Löffelbein, Klaus"]
[Black "Eckert, Marius"]
[Result "1-0"]
[WhiteElo "2002"]
[BlackElo "1960"]
[PlyCount "70"]

1. d4 Nf6 2. Nf3 g6 3. c4 Bg7 4. Nc3 O-O 5. e4 d6 6. Be2 e5 7. dxe5 dxe5 8.
Qxd8 Rxd8 9. Bg5 Nbd7 10. Rd1 Rf8 11. O-O c6 12. Rd6 Ne8 13. Rd2 f6 14. Be3 Nc7
15. Rfd1 Rf7 16. c5 Kf8 17. b4 a6 18. a4 Ke7 19. Bc4 Rf8 20. Rd6 Nb8 21. h3 Be6
22. Bxe6 Nxe6 23. g4 g5 24. Ne2 Re8 25. Ng3 Bf8 26. Nf5+ Kf7 27. R6d3 Ng7 28.
Nd6+ Bxd6 29. Rxd6 Ke7 30. h4 h6 31. hxg5 hxg5 32. Kg2 Rh8 33. Nxe5 fxe5 34.
Bxg5+ Kf7 35. Rf6+ Kg8 1-0

[Event "OHS 2015"]
[Site "?"]
[Date "2015.02.09"]
[Round "3.8"]
[White "Wingerning, Gerd"]
[Black "Wolff, Christoph"]
[Result "1/2-1/2"]
[WhiteElo "1744"]
[BlackElo "2079"]
[PlyCount "108"]

1. e4 c5 2. c3 Nf6 3. e5 Nd5 4. Nf3 Nc6 5. d4 cxd4 6. cxd4 e6 7. Bc4 d6 8. O-O
Be7 9. Qe2 a6 10. Bxd5 exd5 11. Nc3 Be6 12. Bf4 O-O 13. Rfd1 Re8 14. exd6 Bxd6
15. Bxd6 Qxd6 16. Re1 Re7 17. Qd3 Rae8 18. Ng5 Bf5 19. Rxe7 Qxe7 20. Qd2 Nxd4
21. Nxd5 Qe5 22. Ne3 h6 23. Nxf5 Ne2+ 24. Kh1 Qxf5 25. Nf3 Nf4 26. Re1 Rxe1+
27. Qxe1 Nxg2 28. Qe8+ Kh7 29. Ne5 Qxf2 30. Qxf7 Qxf7 31. Nxf7 Ne3 32. Ne5 g5
33. Kg1 b5 34. h3 Kg7 35. Nd3 Kf6 36. a4 bxa4 37. Nc5 Kf5 38. Nxa4 a5 39. Kf2
Kf4 40. Nc3 h5 41. b3 Nf5 42. b4 axb4 43. Nd5+ Ke4 44. Nxb4 g4 45. hxg4 hxg4
46. Nc2 Kf4 47. Ne1 g3+ 48. Ke2 Nd4+ 49. Kd3 Nf3 50. Ng2+ Kg4 51. Ke3 Ne5 52.
Ne1 Kh3 53. Ke4 Ng6 54. Ke3 Kh2 1/2-1/2

[Event "OHS 2015"]
[Site "?"]
[Date "2015.02.09"]
[Round "3.9"]
[White "Hahn, Matthias"]
[Black "Nagel, Frank"]
[Result "1-0"]
[WhiteElo "2044"]
[BlackElo "1738"]
[PlyCount "45"]
[SourceDate "2015.02.10"]

1. d4 Nf6 2. c4 e6 3. Nc3 d5 4. cxd5 exd5 5. Bg5 Be7 6. e3 c6 7. Bd3 Bg4 8. Qc2
Nbd7 9. h3 Bh5 10. f4 Ne4 11. Bxe7 Qxe7 12. Bxe4 dxe4 13. g4 Qh4+ 14. Qf2 Qxf2+
15. Kxf2 f5 16. gxh5 Nf6 17. Nge2 Nxh5 18. Ng3 Nxg3 19. Kxg3 O-O-O 20. Rhd1 a6
21. Rac1 Kb8 22. d5 c5 23. Na4 1-0

[Event "OHS 2015"]
[Site "?"]
[Date "2015.02.09"]
[Round "3.10"]
[White "Mittelbachert, Ulrich"]
[Black "Gasper, Jörn"]
[Result "1/2-1/2"]
[WhiteElo "1978"]
[BlackElo "1637"]
[PlyCount "88"]

1. Nf3 Nf6 2. c4 e6 3. g3 d5 4. Bg2 Be7 5. O-O dxc4 6. Qa4+ Bd7 7. Qxc4 Bc6 8.
Qc2 O-O 9. d3 Nbd7 10. Nbd2 Nb6 11. Nc4 Nxc4 12. Qxc4 Qd5 13. Qc2 Qc5 14. Qxc5
Bxc5 15. Bg5 h6 16. Bd2 a5 17. Rac1 Bd6 18. Be3 Nd5 19. Bc5 Bxc5 20. Rxc5 Nf6
21. Rfc1 Rfd8 22. a3 a4 23. Ne5 Bxg2 24. Kxg2 c6 25. Kf3 Nd7 26. Nxd7 Rxd7 27.
R1c4 Rd5 28. d4 Kf8 29. e4 Rxc5 30. dxc5 e5 31. Ke3 Ke7 32. Rb4 Ra7 33. f4 Ke6
34. Kd3 g6 35. h4 h5 36. fxe5 Kxe5 37. Ke3 f6 38. Kd3 f5 39. exf5 Kxf5 40. Kd4
Kf6 41. Ke4 Ra5 42. Kd4 Ra7 43. Ke4 Ra5 44. Kd4 Ra7 1/2-1/2

[Event "OHS 2015"]
[Site "?"]
[Date "2015.02.09"]
[Round "3.11"]
[White "Demond, Ricardo"]
[Black "Barth, Hans-Joachim"]
[Result "0-1"]
[WhiteElo "1739"]
[BlackElo "1881"]
[PlyCount "122"]

1. e4 c5 2. Nf3 e6 3. c4 Nc6 4. d4 cxd4 5. Nxd4 Nf6 6. Nxc6 bxc6 7. Bd3 d5 8.
cxd5 cxd5 9. exd5 Qxd5 10. Be2 Qxd1+ 11. Bxd1 Ba6 12. Ba4+ Kd8 13. Nc3 Bb4 14.
Bd2 Ke7 15. a3 Bd6 16. Bb5 Bxb5 17. Nxb5 a5 18. Nxd6 Kxd6 19. Rd1 Nd5 20. Ke2
Rhb8 21. Bc1 Rb3 22. Rd3 Rab8 23. Rhd1 Kc5 24. Rxb3 Rxb3 25. Rd3 Kc4 26. Rd2
Nf4+ 27. Kf1 Nd3 28. Rc2+ Kd5 29. Rd2 e5 30. Ke2 e4 31. Kd1 f5 32. g3 g5 33.
Rc2 h6 34. h4 f4 35. hxg5 hxg5 36. gxf4 gxf4 37. Re2 Kd4 38. Kc2 a4 39. Rd2 Rb5
40. Kb1 Rc5 41. Rxd3+ Kxd3 42. Bxf4 Rc2 43. Be3 Re2 44. Bc5 Re1+ 45. Ka2 Rc1
46. Ba7 Rc2 47. Be3 Ke2 48. Kb1 Rc6 49. Ka2 Rf6 50. b4 axb3+ 51. Kxb3 Rxf2 52.
Bc5 Rf5 53. Bb4 Kd3 54. a4 Rf1 55. a5 Rb1+ 56. Ka4 Kc4 57. Ba3 e3 58. a6 e2 59.
a7 e1=Q 60. a8=Q Qd1+ 61. Ka5 Rb5+ 0-1

[Event "OHS 2015"]
[Site "?"]
[Date "2015.02.09"]
[Round "3.12"]
[White "Hartmann, Thomas"]
[Black "Kleinert, Andreas, Dr."]
[Result "0-1"]
[WhiteElo "1633"]
[BlackElo "1862"]
[PlyCount "126"]

1. d4 Nf6 2. c4 e6 3. Nc3 Bb4 4. a3 Bxc3+ 5. bxc3 b6 6. Bg5 h6 7. Bh4 g5 8. Bg3
Bb7 9. Nf3 Ne4 10. d5 Nxg3 11. hxg3 d6 12. e4 Na6 13. c5 Nxc5 14. Bb5+ Ke7 15.
Nd4 Qf8 16. Qg4 a6 17. Nc6+ Bxc6 18. Bxc6 Nd3+ 19. Ke2 Ne5 20. Qh5 Nxc6 21.
dxc6 Qe8 22. f4 Qxc6 23. Kd3 Qb5+ 24. Ke3 gxf4+ 25. Kxf4 Qxh5 26. Rxh5 Rag8 27.
Rah1 Rg6 28. R5h4 Rf6+ 29. Ke3 e5 30. a4 Rg6 31. Kf3 Rhg8 32. g4 a5 33. c4 Rh8
34. Ke3 Kd7 35. Rf1 Rh7 36. Rf5 f6 37. Rfh5 Ke6 38. Kf3 c6 39. Rh1 Rhg7 40. Rb1
Rb7 41. Rhh1 d5 42. cxd5+ cxd5 43. exd5+ Kxd5 44. Rhd1+ Ke6 45. Rd8 Rgg7 46.
Rc1 Rbc7 47. Re8+ Kd7 48. Rxc7+ Kxc7 49. Rf8 Rg6 50. Rf7+ Kc6 51. Rf8 Kc5 52.
Rc8+ Kb4 53. Rc6 Kxa4 54. Rxb6 Ka3 55. Rb5 a4 56. Rb6 e4+ 57. Kf4 e3 58. Re6 e2
59. Rxe2 Rg7 60. Kf5 Rb7 61. Re3+ Kb2 62. Re2+ Kc3 63. Re3+ Kd2 0-1

[Event "OHS 2015"]
[Site "?"]
[Date "2015.02.09"]
[Round "3.13"]
[White "Krolik, Wilfried"]
[Black "Rath, Michael"]
[Result "0-1"]
[WhiteElo "1552"]
[BlackElo "1815"]
[PlyCount "74"]
[SourceDate "2015.02.10"]

1. e4 e6 2. Nc3 b6 3. d4 Bb7 4. g3 Bb4 5. Bg2 f5 6. d5 fxe4 7. Bxe4 Nf6 8. Bg5
exd5 9. Bxf6 Qxf6 10. Bg2 Bxc3+ 11. bxc3 Qxc3+ 12. Kf1 Qc4+ 13. Qe2+ Qxe2+ 14.
Nxe2 c6 15. Nd4 O-O 16. Bh3 c5 17. Nb5 a6 18. Nd6 Bc6 19. f4 a5 20. Rb1 Na6 21.
a3 Rf6 22. Nb5 d4 23. Rg1 Rh6 24. Bg2 Rxh2 25. Bxc6 dxc6 26. Nd6 b5 27. Rg2
Rh1+ 28. Rg1 Rxg1+ 29. Kxg1 Nc7 30. Ne4 c4 31. Rd1 Rd8 32. c3 d3 33. Kf2 Kf7
34. f5 Nd5 35. Ng5+ Kf6 36. Ne6 Re8 37. Rh1 h6 0-1

[Event "OHS 2015"]
[Site "?"]
[Date "2015.02.09"]
[Round "3.14"]
[White "Schäfer, Michael"]
[Black "Kempken, Reinhold"]
[Result "1-0"]
[WhiteElo "1793"]
[BlackElo "1500"]
[PlyCount "51"]

1. Nf3 d5 2. g3 c5 3. d3 Nf6 4. Bg2 Nc6 5. Nbd2 e5 6. e4 d4 7. O-O Be6 8. b3 h6
9. Nc4 Bxc4 10. bxc4 Bd6 11. Bd2 Qc7 12. Rb1 g5 13. Qc1 Nh5 14. Qd1 g4 15. Nh4
Nf6 16. Nf5 O-O-O 17. Bxh6 Rxh6 18. Nxh6 Qd7 19. f3 Rh8 20. Nxg4 Nxg4 21. fxg4
Qe6 22. Qf3 Qh6 23. h4 Nb4 24. g5 Qg7 25. Qxf7 Qxf7 26. Rxf7 1-0

[Event "OHS 2015"]
[Site "?"]
[Date "2015.02.09"]
[Round "3.15"]
[White "Heinz, Hans-Werner"]
[Black "Sikorski, Thomas"]
[Result "0-1"]
[WhiteElo "1159"]
[BlackElo "1791"]
[PlyCount "74"]

1. e4 e5 2. Nf3 Nf6 3. Nxe5 d6 4. Nxf7 Kxf7 5. Bc4+ Be6 6. Bxe6+ Kxe6 7. c3
Nxe4 8. Qg4+ Kf7 9. Qxe4 Nc6 10. Qd5+ Ke8 11. O-O Qe7 12. d4 h6 13. Bd2 Qf6 14.
Na3 Kd7 15. Rae1 Re8 16. Rxe8 Kxe8 17. Re1+ Kd7 18. g3 Be7 19. Re4 g5 20. f4
Rf8 21. b4 Qg6 22. Nc4 a6 23. Ne5+ Nxe5 24. dxe5 c6 25. e6+ Kc7 26. Qd4 Bf6 27.
Qe3 Be7 28. a4 d5 29. Rd4 Rf6 30. Qf3 g4 31. Qf2 Qf5 32. a5 c5 33. b5 Qb1+ 34.
Kg2 cxd4 35. Qxd4 Qe4+ 36. Qxe4 dxe4 37. b6+ Kc6 0-1

[Event "OHS 2015"]
[Site "?"]
[Date "2015.02.09"]
[Round "3.16"]
[White "Deutschmann, Jürgen"]
[Black "Schmidt, Ralph"]
[Result "0-1"]
[WhiteElo "1681"]
[BlackElo "1985"]
[PlyCount "39"]

1. d4 Nf6 2. c4 g6 3. Nc3 Bg7 4. Nf3 O-O 5. e4 d6 6. h3 Na6 7. Bd2 c5 8. a3
cxd4 9. Nxd4 Nxe4 10. Nxe4 Bxd4 11. Bh6 Qa5+ 12. Nd2 Rd8 13. Be2 Bf5 14. O-O
Bxb2 15. g4 Bc8 16. f4 Qc3 17. Rb1 Qg3+ 18. Kh1 Qxh3+ 19. Kg1 Bd4+ 20. Rf2 0-1

[Event "OHS 2015"]
[Site "?"]
[Date "2015.02.09"]
[Round "3.17"]
[White "Bott, Michael"]
[Black "Kümmel, Hans-Jürgen"]
[Result "1/2-1/2"]
[WhiteElo "1528"]
[BlackElo "1317"]
[PlyCount "118"]

1. d4 Nf6 2. Nf3 d5 3. Bf4 c6 4. Nbd2 Bf5 5. e3 Nbd7 6. Be2 Nh5 7. Bg5 Bg6 8.
Nh4 Nhf6 9. Nxg6 hxg6 10. Bf4 Nh5 11. Bxh5 gxh5 12. O-O g6 13. h3 Bg7 14. c3
O-O 15. Nf3 Nf6 16. Be5 Ne4 17. Bxg7 Kxg7 18. Qe1 e6 19. Rc1 b5 20. Ne5 Rc8 21.
f3 Nd6 22. Qg3 Nc4 23. Nxc4 bxc4 24. e4 c5 25. exd5 Qxd5 26. Rcd1 cxd4 27. Rxd4
Qb5 28. Rf2 Rfd8 29. Rfd2 Rxd4 30. cxd4 Qa5 31. Qe5+ Qxe5 32. dxe5 Rc7 33. Rc2
g5 34. Kf2 f6 35. exf6+ Kxf6 36. Rc3 Ke5 37. Ke3 Rb7 38. Rc2 Kd5 39. Rd2+ Ke5
40. Rc2 Kd5 41. a3 Rb3+ 42. Ke2 Kd4 43. Rd2+ Kc5 44. Kd1 c3 45. Rc2 Kd4 46.
bxc3+ Rxc3 47. Rxc3 Kxc3 48. Ke2 a5 49. Ke3 Kb3 50. f4 gxf4+ 51. Kxf4 Kxa3 52.
g4 hxg4 53. hxg4 Kb2 54. g5 a4 55. g6 a3 56. g7 a2 57. g8=Q a1=Q 58. Qb8+ Kc2
59. Qc7+ Qc3 1/2-1/2

[Event "OHS 2015"]
[Site "?"]
[Date "2015.02.09"]
[Round "3.18"]
[White "Müller-Kreth, Kai"]
[Black "Mrowetz, Josef"]
[Result "1-0"]
[WhiteElo "1758"]
[BlackElo "1364"]
[PlyCount "67"]

1. d4 e6 2. c4 c5 3. d5 d6 4. Nc3 Nf6 5. e4 Be7 6. f4 Nbd7 7. Nf3 O-O 8. Bd3 h6
9. e5 Ne8 10. O-O Bh4 11. g3 Be7 12. Qe2 a6 13. exd6 Nxd6 14. dxe6 Nf6 15.
exf7+ Nxf7 16. Ne4 Re8 17. Re1 Bg4 18. Kg2 Bf8 19. Qc2 Kh8 20. Bd2 Bd6 21. Bc3
Be7 22. Rad1 Qb6 23. Nf2 Bxf3+ 24. Kxf3 Rad8 25. Kg2 Nd6 26. Bg6 Qc6+ 27. Kg1
Qf3 28. Rd3 Qc6 29. Rde3 Ng8 30. Bxe8 Rxe8 31. Qg6 Bf6 32. Rxe8 Nxe8 33. Rxe8
Qd7 34. Bxf6 1-0

[Event "OHS 2015"]
[Site "?"]
[Date "2015.02.09"]
[Round "3.19"]
[White "Diekhans, Christoph"]
[Black "Diekhans, Georg"]
[Result "1/2-1/2"]
[WhiteElo "1591"]
[BlackElo "1310"]
[PlyCount "21"]

1. Nf3 e6 2. b3 Be7 3. Bb2 Bf6 4. d4 d5 5. e3 a6 6. Bd3 Nd7 7. O-O c6 8. Nbd2
b5 9. c4 Bb7 10. c5 h6 11. a3 1/2-1/2

[Event "OHS 2015"]
[Site "?"]
[Date "2015.02.09"]
[Round "3.20"]
[White "Lojack, Rouven"]
[Black "Rochol, Jürgen"]
[Result "1-0"]
[WhiteElo "1430"]
[BlackElo "1287"]
[PlyCount "59"]

1. e4 e5 2. Nf3 Nc6 3. Bb5 Bc5 4. Bxc6 dxc6 5. c3 Bg4 6. O-O Bxf3 7. Qxf3 Qf6
8. Qg3 Ne7 9. d3 O-O-O 10. Nd2 Ng6 11. Nc4 Nf4 12. Qg4+ Kb8 13. d4 Bb6 14. Nxe5
Ne6 15. Qf5 Rhf8 16. Qg4 Nxd4 17. cxd4 Rxd4 18. Nd7+ Rxd7 19. Qxd7 g6 20. Bh6
Rd8 21. Qg4 Qxb2 22. Rad1 Re8 23. Bg5 f6 24. Rd2 Qb4 25. Rfd1 Bxf2+ 26. Kxf2
Qf8 27. Bh6 Qg8 28. Qd7 a6 29. Be3 Rf8 30. Qd8+ 1-0

[Event "OHS 2015"]
[Site "?"]
[Date "2015.02.09"]
[Round "3.21"]
[White "Puchala, Paul"]
[Black "Burosch, Raimund"]
[Result "0-1"]
[WhiteElo "1210"]
[BlackElo "1424"]
[PlyCount "92"]

1. d4 Nf6 2. Nc3 d6 3. e4 Nbd7 4. Nf3 e5 5. dxe5 dxe5 6. Bc4 Bb4 7. Ng5 O-O 8.
f3 h6 9. Nh3 Qe7 10. O-O Qc5+ 11. Kh1 Qxc4 12. Nd5 Nxd5 13. exd5 Nf6 14. Bd2
Bxd2 15. Qxd2 Bxh3 16. gxh3 Qxd5 17. Qc3 c6 18. b3 Rad8 19. Rfe1 Rfe8 20. Rad1
Qe6 21. h4 Rxd1 22. Rxd1 Nd5 23. Qe1 e4 24. fxe4 Qxe4+ 25. Qxe4 Rxe4 26. c4 Nf6
27. Rd8+ Re8 28. Rd1 a6 29. Kg2 Kh7 30. Kf3 Re5 31. h3 Rh5 32. Re1 Rxh4 33. Re7
Rxh3+ 34. Kf4 Rh2 35. a4 Rb2 36. Rxb7 Kg6 37. Rb6 Nh5+ 38. Ke5 f6+ 39. Kd6 f5
40. Rxa6 f4 41. Rxc6 Rxb3 42. Kc5+ Kg5 43. a5 f3 44. Rd6 Nf6 45. Rd1 Ra3 46.
Kb5 Ne4 0-1